[Event "South African op"]
[Site "Cape Town"]
[Date "2022.07.16"]
[Round "10"]
[White "Ncethelo, Bongolethu"]
[Black "Morgan, Nathan"]
[Result "1/2-1/2"]
[WhiteElo "1677"]
[BlackElo "1366"]
[PlyCount "85"]
[EventDate "2022.07.09"]
[EventType "swiss"]
[EventRounds "11"]
[EventCountry "RSA"]
[SourceTitle "CBM 209 Extra"]
[Source "ChessBase"]
[SourceDate "2022.09.30"]
[SourceVersion "1"]
[SourceVersionDate "2022.09.30"]
[SourceQuality "1"]

1. d4 Nf6 2. c4 e6 3. Nf3 c5 4. d5 exd5 5. cxd5 d6 6. Nc3 g6 7. Bg5 Bg7 8. e4 0-0 9. Bd3 a6 10. a4 Bg4 11. h3 Bxf3 12. Qxf3 Nbd7 13. Qe2 h6 14. Bh4 g5 15. Bg3 Qe7 16. 0-0 Ne5 17. Bc2 Nfd7 18. Rae1 Ng6 19. Nd1 Rab8 20. a5 b5 21. axb6 Rxb6 22. b3 Re8 23. Ne3 Bc3 24. Nf5 Qf8 25. Rd1 Be5 26. Bxe5 Ndxe5 27. Ra1 Nf4 28. Qd1 Ra8 29. Kh2 Nfg6 30. g3 Ne7 31. f4 Nxf5 32. exf5 Nd7 33. fxg5 hxg5 34. Qh5 Qg7 35. Rae1 Nf6 36. Qf3 Re8 37. Rxe8+ Nxe8 38. f6 Qh6 39. Qc3 Rb4 40. Rf5 Rd4 41. Qe3 Nxf6 42. Qe7 Kg7 43. Rf2 1/2-1/2